Daily Quiz #20 - Statistics

General Stats
  • This quiz has been taken 26 times
  • The average score is 4 of 5
Answer Stats
Hint Answer % Correct
What is the capital of Greece and is known as the birthplace of democracy? Athens
96%
What is the only country Portugal borders? Spain
96%
What 4 decade long “war” between the USA and USSR was fought without a single direct shot being fired at the other? Cold War
92%
Who was president during World War 1? Woodrow Wilson
80%
How long is a marathon? 26.2 miles
20%
No matching quizzes found
Score Distribution
Percent of People with Each Score
Percentile by Number Answered
Your Score History
You have not taken this quiz